000 00356nam a2200121Ia 4500
005 20251222144625.0
008 251222s9999||||xx |||||||||||||| ||spa||
082 _a622/A18
100 _aYoung, Alan
245 0 _aLa Perspectiva del Interés Público en el Tema del Medio Ambiente y la Minería Canadiense
264 _bMinería y Comunidades
942 _cLIB
999 _c16077
_d16077